Capital Cities - Same Name in English - Statistics

General Stats
  • This quiz has been taken 3 times
  • The average score is 42 of 68
Answer Stats
Language Capital City % Correct
Dutch Amsterdam
100%
Catalan Andorra la Vella
100%
Turkish Ankara
100%
Spanish Asunción
100%
German Berlin
100%
German Bern
100%
Spanish Buenos Aires
100%
Romanian Chișinău
100%
Vietnamese Hanoi | Hà Nội
100%
Indonesian Jakarta
100%
Malay Kuala Lumpur
100%
Portuguese Luanda
100%
Spanish Madrid
100%
French Paris
100%
French Port-au-Prince
100%
Spanish Quito
100%
Icelandic Reykjavík
100%
Swedish Stockholm
100%
Albanian Tirana
100%
German Vaduz
100%
Lithuanian Vilnius
100%
Spanish Bogotá
67%
Portuguese Brasília
67%
Slovak Bratislava
67%
Hungarian Budapest
67%
Spanish Caracas
67%
Spanish Ciudad de la Paz
67%
French Conakry
67%
French Dakar
67%
Finnish Helsinki
67%
Spanish La Paz
67%
Spanish Lima
67%
Slovene Ljubljana
67%
French Lomé
67%
French Luxembourg
67%
French Niamey
67%
Norwegian Oslo
67%
Latvian Riga | Rīga
67%
Spanish San José
67%
Italian San Marino
67%
Spanish Santiago
67%
Spanish Santo Domingo
67%
Estonian Tallinn
67%
Spanish Tegucigalpa
67%
Croatian Zagreb
67%
Malagasy Antananarivo
33%
Portuguese Bissau
33%
French Brazzaville
33%
Portuguese Díli
33%
French Kinshasa
33%
French Libreville
33%
Spanish Managua
33%
French Monaco
33%
Spanish Montevideo
33%
French Moroni
33%
French Ndjamena
33%
Dutch Paramaribo
33%
Spanish San Salvador
33%
Portuguese São Tomé
33%
French Yaoundé
33%
Malay Bandar Seri Bagawan
0%
French Bangui
0%
French Gitega
0%
Portuguese Maputo
0%
French Ouagadougou
0%
French Porto-Novo
0%
Portuguese Praia
0%
French Yamoussoukro
0%
No matching quizzes found
Score Distribution
Percent of People with Each Score
Percentile by Number Answered
Your Score History
You have not taken this quiz